| 000 | 00859nam a2200301 a 4500 | ||
|---|---|---|---|
| 003 | AR-BaBNM | ||
| 005 | 20251128203454.0 | ||
| 008 | 082120s2002 ||||||||||||||000 | spa|| | ||
| 040 | _cAR-BaBNM | ||
| 100 | 1 | _aLavardén, Manuel José de | |
| 245 | 0 | 0 | _aNuevo aspecto del comercio en el Río de la Plata |
| 260 |
_aBuenos Aires _bRaigal _c1955 |
||
| 300 | _a191 p. | ||
| 490 | 0 | _aBiblioteca Manuel Belgrano. de estudios económicos | |
| 650 | 4 | _aLITERATURA ARGENTINA | |
| 650 | 4 | _aHISTORIA ARGENTINA | |
| 650 | 4 | _aHISTORIA ECONOMICA | |
| 650 | 4 | _aPERIODO HISPANICO | |
| 650 | 4 | _aHISTORIA DE LAS IDEAS | |
| 650 | 4 | _aSIGLO DIECIOCHO | |
| 650 | 4 | _aSIGLO DIECINUEVE | |
| 653 | _aMERCANTILISMO | ||
| 653 | _aFISIOCRACIA | ||
| 700 | 1 |
_aWedovoy, Enrique _ecolaborador |
|
| 800 | 1 |
_aOrtiz, Roberto M. _edirector |
|
| 942 | _cBK | ||
| 998 | _cMariana | ||
| 999 |
_c3536 _d3536 |
||